Highest Points in U.S. States #4 - Statistics

General Stats
  • This quiz has been taken 8 times
  • The average score is 8 of 10
Answer Stats
Elevation State Point % Correct
13528ft Utah Kings Peak
100%
13803ft Hawaii Mauna Kea
80%
12799ft Montana Granite Peak
80%
5429ft Nebraska Panorama Point
80%
13161ft New Mexico Wheeler Peak
80%
6684ft North Carolina Mount Mitchell
80%
6643ft Tennessee Clingmans Dome
80%
8751ft Texas Guadalupe Peak
80%
5269ft Maine Katahdin
60%
1979ft Michigan Mount Arvon
60%
No matching quizzes found
Score Distribution
Percent of People with Each Score
Percentile by Number Answered
Your Score History
You have not taken this quiz